000 00370 a2200121 4500
001 ART_11962
005 20260410161902.0
008 260409a
245 1 0 _aOn the welfare effects of tax limitation
100 1 _aRubinfeld, Daniel L.
700 1 _aCourant, Paul N.
773 0 _tJournal of public economics
_g- Vol. 16, NÂș 3 (dic. 1981)
_wREV11485
999 _c25973
_d25973